[Event "ITA-ch U20 77th"]
[Site "Cosenza"]
[Date "2017.12.10"]
[Round "7"]
[White "Formento, Paolo"]
[Black "Barp, Alberto"]
[Result "1/2-1/2"]
[WhiteElo "2279"]
[BlackElo "2281"]
[PlyCount "38"]
[EventDate "2017.12.03"]
[EventType "tourn"]
[EventRounds "7"]
[EventCountry "ITA"]
[EventCategory "2"]
[SourceTitle "CBM 182 Extra"]
[Source "ChessBase"]
[SourceDate "2018.02.23"]
[SourceVersion "1"]
[SourceVersionDate "2018.02.23"]
[SourceQuality "1"]

1. Nf3 d5 2. c4 d4 3. e3 Nc6 4. exd4 Nxd4 5. Nxd4 Qxd4 6. Nc3 c6 7. d3 Nh6 8. Be3 Qd8 9. d4 Nf5 10. Qd2 g6 11. Be2 Bg7 12. Rd1 0-0 13. 0-0 Qa5 14. d5 Nxe3 15. Qxe3 Qb6 16. Rd2 Qxe3 17. fxe3 Bxc3 18. bxc3 Rd8 19. e4 cxd5 1/2-1/2

[Event "ITA-ch U20 77th"]
[Site "Cosenza"]
[Date "2017.12.09"]
[Round "6"]
[White "Belli, Giorgio"]
[Black "Formento, Paolo"]
[Result "1/2-1/2"]
[WhiteElo "2241"]
[BlackElo "2279"]
[PlyCount "100"]
[EventDate "2017.12.03"]
[EventType "tourn"]
[EventRounds "7"]
[EventCountry "ITA"]
[EventCategory "2"]
[SourceTitle "CBM 182 Extra"]
[Source "ChessBase"]
[SourceDate "2018.02.23"]
[SourceVersion "1"]
[SourceVersionDate "2018.02.23"]
[SourceQuality "1"]

1. e4 c5 2. Nf3 Nc6 3. d4 cxd4 4. Nxd4 e5 5. Nb5 d6 6. N1c3 a6 7. Na3 b5 8. Nd5 Nce7 9. Nxe7 Bxe7 10. c4 Nf6 11. cxb5 0-0 12. Bd3 d5 13. 0-0 Nxe4 14. Bxe4 dxe4 15. Be3 axb5 16. Nxb5 Ba6 17. Qxd8 Rfxd8 18. Nc7 Bxf1 19. Nxa8 Bd3 20. Nb6 f5 21. Rc1 f4 22. Bc5 Bg5 23. Re1 f3 24. Rd1 fxg2 25. b3 Kf7 26. Nc4 Ke6 27. Be3 Be7 28. Kxg2 Ra8 29. Nb2 Be2 30. Ra1 Ba3 31. Nc4 Bxc4 32. bxc4 Ra4 33. Rb1 Rxc4 34. Rb6+ Bd6 35. Rb7 Bc7 36. Ra7 Kd6 37. Kg3 Kc6 38. Kg4 g6 39. Kg5 Rb4 40. Kh6 Rb1 41. Kxh7 g5 42. Kg6 Rg1 43. Kf5 g4 44. Kxe4 Rg2 45. Ra6+ Kb5 46. Rh6 Ba5 47. Kxe5 Rxh2 48. Rxh2 Bc7+ 49. Kf5 Bxh2 50. Kxg4 Bg1 1/2-1/2

[Event "ITA-ch U20 77th"]
[Site "Cosenza"]
[Date "2017.12.04"]
[Round "2"]
[White "Formento, Paolo"]
[Black "Carnicelli, Valerio"]
[Result "0-1"]
[WhiteElo "2279"]
[BlackElo "2280"]
[PlyCount "80"]
[EventDate "2017.12.03"]
[EventType "tourn"]
[EventRounds "7"]
[EventCountry "ITA"]
[EventCategory "2"]
[SourceTitle "CBM 182 Extra"]
[Source "ChessBase"]
[SourceDate "2018.02.23"]
[SourceVersion "1"]
[SourceVersionDate "2018.02.23"]
[SourceQuality "1"]

1. Nf3 Nf6 2. c4 g6 3. Nc3 Bg7 4. e4 d6 5. d4 0-0 6. Be2 Na6 7. 0-0 e5 8. d5 Nc5 9. Qc2 a5 10. b3 Nh5 11. Bg5 f6 12. Be3 Nf4 13. Rad1 Nxe2+ 14. Qxe2 b6 15. Nd2 f5 16. f3 f4 17. Bf2 h5 18. a3 Bd7 19. Rb1 Qe7 20. Rfc1 g5 21. b4 axb4 22. axb4 Na6 23. Nb5 g4 24. c5 bxc5 25. bxc5 g3 26. hxg3 fxg3 27. Bxg3 Bxb5 28. Rxb5 Nxc5 29. Bf2 Bh6 30. Bxc5 dxc5 31. Rbxc5 Ra7 32. R1c2 Bf4 33. Nf1 Ra1 34. Qf2 Qg5 35. R5c3 Rb8 36. Rb2 Rba8 37. d6 cxd6 38. Rcb3 h4 39. Rb8+ Rxb8 40. Rxb8+ Kh7 0-1

[Event "Douglas IoM op"]
[Site "Douglas"]
[Date "2016.10.08"]
[Round "8"]
[White "Romanishin, Oleg M"]
[Black "Formento, Paolo"]
[Result "1-0"]
[WhiteElo "2456"]
[BlackElo "2326"]
[PlyCount "81"]
[EventDate "2016.10.01"]
[EventType "swiss"]
[EventRounds "9"]
[EventCountry "IOM"]
[SourceTitle "EXT 2017"]
[Source "ChessBase"]
[SourceDate "2016.10.25"]
[SourceVersion "1"]
[SourceVersionDate "2016.10.25"]
[SourceQuality "1"]

1. d4 Nf6 2. Nf3 g6 3. g3 Bg7 4. Bg2 0-0 5. 0-0 d6 6. a4 a5 7. Nc3 c6 8. e4 Na6 9. h3 Nb4 10. Be3 Qc7 11. Nd2 d5 12. e5 Ne8 13. Na2 Nxa2 14. Rxa2 f6 15. f4 Be6 16. Ra3 Qd7 17. Kh2 Nc7 18. Qe2 Na6 19. Nf3 Kh8 20. Bf2 Nc7 21. Rb3 b5 22. axb5 cxb5 23. Rc3 Bg8 24. Ra1 b4 25. Re3 a4 26. Qd2 Rfb8 27. Ne1 Nb5 28. Nd3 a3 29. b3 Nc3 30. Nxb4 Ne4 31. Rxe4 dxe4 32. Bxe4 fxe5 33. fxe5 Bxe5 34. Nc6 Bd6 35. Nxb8 Rxb8 36. d5 e5 37. Be3 Qc7 38. Qd3 Qb7 39. Bg2 Qb4 40. Qa6 Kg7 41. c3 1-0